|
|
|
|
| LEADER |
02425nam a2200385 a 4500 |
| 001 |
31830 |
| 003 |
BD-DhAAL |
| 005 |
20211108144017.0 |
| 008 |
170525t20162016maua b 001 0 eng |
| 999 |
|
|
|c 38023
|d 38023
|
| 020 |
|
|
|a 9781292101767
|
| 040 |
|
|
|a DLC
|b eng
|c DLC
|e rda
|d DLC
|d BD-DhAAL
|
| 082 |
0 |
0 |
|a 005.3
|2 23
|
| 100 |
1 |
|
|a Bryant, Randal E.
|9 21193
|
| 245 |
1 |
0 |
|a Computer systems :
|b a programmer's perspective /
|c Randal E. Bryant, David R. O'Hallaron, global edition contributions by Manasa S., Mohit Tahiliani.
|
| 250 |
|
|
|a Third edition.
|
| 260 |
|
|
|a Boston :
|b Pearson,
|c 2016.
|
| 300 |
|
|
|a 1120 pages :
|b illustrations (some color) ;
|c 23 cm.
|
| 504 |
|
|
|a Includes bibliographical references and index.
|
| 505 |
0 |
|
|a Part I: Program Structure and Execution Chapter 1: A Tour of Computer Systems Chapter 2: Representing and Manipulating Information Chapter 3: Machine-Level Representation of Programs Chapter 4: Processor Architecture Chapter 5: Optimizing Program Performance Chapter 6: The Memory Hierarchy Part II: Running Programs on a System Chapter 7: Linking Chapter 8: Exceptional Control Flow Chapter 9: Virtual Memory Part III: Interaction and Communication Between Programs Chapter 10: System-Level I/O Chapter 11: Network Programming Chapter 12: Concurrent Programming Appendix Error Handling
|
| 526 |
|
|
|a CSE
|
| 541 |
|
|
|e 31830, 31831, 31832
|
| 650 |
|
0 |
|a Computer systems.
|9 21194
|
| 650 |
|
0 |
|a Computers.
|9 21195
|
| 650 |
|
0 |
|a Telecommunication.
|9 21196
|
| 650 |
|
0 |
|a User interfaces (Computer systems)
|9 21197
|
| 650 |
|
0 |
|a Computer science.
|9 42385
|
| 700 |
1 |
|
|a O'Hallaron, David R.
|q (Davie Richard),
|d 1955-
|9 21198
|
| 700 |
1 |
|
|a S., Manasa
|9 21659
|
| 700 |
1 |
|
|a Tahiliani, Mohit
|9 21660
|
| 852 |
|
|
|a Ayesha Abed Library
|c General Stacks
|
| 942 |
|
|
|2 ddc
|c BK
|
| 952 |
|
|
|0 0
|1 0
|2 ddc
|4 0
|6 005_300000000000000_BRY
|7 0
|9 60711
|a BRACUL
|b BRACUL
|c GEN
|d 2017-05-22
|e Karim International
|g 5100.00
|l 7
|m 79
|o 005.3 BRY
|p 3010031832
|r 2026-02-19
|s 2026-02-02
|t 3
|v 5100.00
|w 2017-05-22
|y BK
|
| 952 |
|
|
|0 0
|1 0
|2 ddc
|4 0
|6 005_300000000000000_BRY
|7 0
|9 60712
|a BRACUL
|b BRACUL
|c GEN
|d 2017-05-22
|e Karim International
|g 5100.00
|l 3
|m 57
|o 005.3 BRY
|p 3010031830
|r 2026-05-19
|s 2025-09-20
|t 1
|v 5100.00
|w 2017-05-22
|y BK
|
| 952 |
|
|
|0 0
|1 0
|2 ddc
|4 0
|6 005_300000000000000_BRY
|7 0
|9 60713
|a BRACUL
|b BRACUL
|c GEN
|d 2017-05-22
|e Karim International
|g 5100.00
|l 5
|m 86
|o 005.3 BRY
|p 3010031831
|q 2025-12-17
|r 2023-08-09
|s 2023-08-09
|t 2
|v 5100.00
|w 2017-05-22
|y BK
|